The chemistry of natural products: VIII plenary lectures presented at the eighth International Symposium on the Chemistry of Natural Products held at New Delhi, India, 6-12 February 1972. (Record no. 37221)

MARC details
000 -LEADER
fixed length control field 00745nam a2200169 a 4500
008 - FIXED-LENGTH DATA ELEMENTS--GENERAL INFORMATION
fixed length control field 120416s1973 ||||||||||||||||| || u
020 ## - INTERNATIONAL STANDARD BOOK NUMBER
International Standard Book Number 0408704373
050 ## - LIBRARY OF CONGRESS CALL NUMBER
Classification number QD 415.A1 Int
100 ## - MAIN ENTRY--PERSONAL NAME
Personal name Govindachari, T. R
245 14 - TITLE STATEMENT
Title The chemistry of natural products: VIII plenary lectures presented at the eighth International Symposium on the Chemistry of Natural Products held at New Delhi, India, 6-12 February 1972.
260 ## - PUBLICATION, DISTRIBUTION, ETC.
Place of publication, distribution, etc. London
Name of publisher, distributor, etc. Butterworths
Date of publication, distribution, etc. 1973
300 ## - PHYSICAL DESCRIPTION
Extent vi, 177p.
350 ## - PRICE (NR) (BK AM CF MU VM SE) [OBSOLETE]
Price 0.00
650 ## - SUBJECT ADDED ENTRY--TOPICAL TERM
Topical term or geographic name entry element NATURAL PRODUCTS--CONGRESSES
650 ## - SUBJECT ADDED ENTRY--TOPICAL TERM
Topical term or geographic name entry element BIOCHEMISTRY--CONGRESSES
995 ## - RECOMMENDATION 995 [LOCAL, UNIMARC FRANCE]
-- 0.00
-- CBU-MAIN LIBRARY (Kitwe)
-- 1
-- 8.50
-- 1
-- AVAILABLE
-- Annex Low-Usage Collection
Holdings
Withdrawn status Lost status Source of classification or shelving scheme Damaged status Not for loan Home library Current library Shelving location Date acquired Total Checkouts Full call number Barcode Date last seen Price effective from Koha item type
          CBU-MAIN LIBRARY, KITWE. CBU-MAIN LIBRARY, KITWE.   11/30/2022   QD 415.A1 Int 013811 11/30/2022 11/30/2022 MONOGRAPH